| 000 | 00978nam a2200241 a 4500 | ||
|---|---|---|---|
| 001 | 000005378 | ||
| 005 | 20200929151647.0 | ||
| 008 | 090819s1992 sp 000 0 spa d | ||
| 020 | _a8400072405 | ||
| 040 |
_aDO-SdBNP _bspa _cBNPHU |
||
| 082 |
_axxxx _bM953c |
||
| 245 | 0 | 0 |
_aMujtasar fi l-tibb : _bcompendio de medicina / _cintroducción, edición crítica y traducción Camilo Álvarez de Morales y Fernando Girón Irueste. |
| 260 |
_aMadrid, España : _bCSIC _bInstituto de Cooperación con el Mundo Árabe, _c1992. |
||
| 300 |
_a145 p. ; _c24 cm. |
||
| 490 | 1 |
_aFuentes Arábico-Hispamas _v2 |
|
| 504 | _aBibliografía : p. 141-145 | ||
| 504 | _aIncluye referencias bibliográficas y notas al pie de las páginas | ||
| 700 | 1 |
_aÁlvarez Morales, Camilo de, _eed. y tr. _915256 |
|
| 700 | 1 |
_aGirón Irueste, Fernando, _eed. y tr. _915257 |
|
| 710 | 1 |
_aConsejo Superior de Investigaciones Cientficas _915258 |
|
| 830 | 0 |
_aFuentes Arábico-Hispamas _n2 _915259 |
|
| 049 | _aBNPD | ||
| 999 |
_c5178 _d5178 |
||